Game of Thrones- Quotes and Mottos - Statistics

General Stats
  • This quiz has been taken 460 times
  • The average score is 38 of 56
Answer Stats
Hint Answer % Correct
"I'm simply asking you to run my kingdom while I eat, drink, and whore myself into an early grave." Robert Baratheon
95%
"A lion does not concern himself with the opinion of sheep." Tywin Lannister
94%
"You know nothing, Jon Snow." Ygritte
94%
"When you play the game of thrones, you win or you die. There is no middle ground" Cersei Lannister
92%
"The man who passes the sentence should swing the sword" Eddard Stark
89%
"The things I do for love" Jaime Lannister
87%
"Compassion. Yes. I killed my lover with my bare hands and I shot my own father with a crossbow." Tyrion Lannister
87%
"I will take what is mine, with fire and blood" Daenerys Targaryen
86%
"Winter is Coming" Stark
86%
"Hear me Roar" Lannister
85%
"The night is dark and full of terrors." Melisandre
85%
"Chaos isn't a pit. Chaos is a ladder. Many who try to climb it fail and never get to try again. The fall breaks them. And some, are given a chance to climb. They refuse, they cling to the realm or the gods or love. Illusions. Only the ladder is real. The climb is all there is. " Petyr Baelish
84%
"What do we say to the god of death?... Not today" Syrio Forrel
84%
“Never forget what you are, for surely the world will not. Make it your strength. Then it can never be your weakness. Armour yourself in it, and it will never be used to hurt you.” Tyrion Lannister
84%
"The Lannisters send their regards" Roose Bolton/ Jaime Lannister
83%
"Growing Strong" Tyrell
83%
" I'm not threatening the king, Ser, I'm educating my nephew. Bronn, the next time Ser Meryn speaks, kill him. THAT was a threat, see the difference? Tyrion Lannister
83%
"Fire and Blood" Targaryen
82%
"We do not Sow" Greyjoy
81%
“It's not easy being drunk all the time. If it were easy, everyone would do it.” Tyrion Lannister
81%
"Ours is the Fury" Baratheon
80%
"Unbowed, Unbent, Unbroken" Martell
80%
"I wish I was the monster you think I am" Tyrion Lannister
80%
"Family, Duty, Honor" Tully
79%
"You are the moon of my life" Khal Drogo
78%
"Traitors! I'll have their heads! " Joffrey Baratheon
75%
"Tell Lord Tywin, winter is coming for him" Robb Stark
75%
'You’re a talker. Listening to talkers makes me thirsty and hungry. Think I’ll take two chickens." Sandor Clegane
75%
"As High as Honor" Arryn
74%
"The Long Night is coming and the dead come with it." Jon Snow
74%
"No. I want to be *the* queen. " Margaery Tyrell
74%
“A mind needs books as a sword needs a whetstone, if it is to keep its edge.” Tyrion Lannister
70%
" A girl gives a man his own name"? Jaqen H'ghar
68%
"Distrusting me was the wisest thing you've done since you climbed off your horse" Petyr Baelish
67%
"Power resides where men believe it resides" Varys
65%
"Our Blades are Sharp" Bolton
64%
"It's the family name that lives on, it's all that lives on" Tywin Lannister
64%
"Wear it in silence or I'll honor you again" Robert Baratheon
61%
"I've always hated the bells. They ring for horror. A dead king, a city under siege... " Varys
60%
" I shall wear this as a badge of honor" Cersei Lannister
57%
"The next time you raise a hand to me will be the last time you have hands" Daenerys Targaryen
57%
"If you think this has a happy ending, you haven't been paying attention" Ramsay Bolton
57%
"Actually, I rather enjoy him. But he would see this country burn if he could be king of the ashes." Varys
57%
"Tell me something, Varys. Who do you truly serve?" Eddard Stark
55%
"Is there something wrong with your legs boy? Can you walk? I've got to carry you? Fine little blade. Maybe I’ll pick my teeth with it" Polliver/ Arya Stark
54%
"Growing Strong." Ha! The dullest words of any House. "Winter Is Coming." Now that's memorable. "We Do Not Sow." Strong, strong, those are Houses you watch out for. Direwolves and krakens, fierce beasts... but a golden rose growing strong? Ha! That strikes fear in the heart. " Lady Olena Tyrell
50%
"Tell your father I'm here. Tell him the Lannisters aren't the only ones who pay their debts" Oberyn Martell
44%
"It is rare to meet a Lannister who shares my enthusiasm for dead Lannisters." Oberyn Martell
44%
"Money buys a man's silence for a time. A bolt in the heart buys it forever." Petyr Baelish
44%
"Eloquent men are right every bit as often as imbeciles." Tyrion Lannister
40%
" You waste time trying to get people to love you, you'll end up the most popular dead man in town" Bronn
32%
“Of all the ways I’d kill you, poison would be the last.” Mance Rayder
29%
"If a man knows what he is and remains true to himself the choice is no choice at all. He must fulfill his destiny and become who he is meant to be. However much he may hate it." Stannis Baratheon
23%
"He was a painter. A painter who only used red" Jaime Lannister
22%
"Plenty of little men tried to put their swords through my heart. And there's plenty of little skeletons buried in the woods." Tormund Giantsbayne
22%
"You have a very suspicious mind. In my experience, only dishonest people think this way." Daario Naharis
13%
No matching quizzes found
Score Distribution
Percent of People with Each Score
Percentile by Number Answered
Your Score History
You have not taken this quiz